Inclined to grow? (Record no. 79400)

MARC details
000 -LEADER
fixed length control field 01084cab a22002055a 4500
001 - CONTROL NUMBER
control field L140967
008 - FIXED-LENGTH DATA ELEMENTS--GENERAL INFORMATION
fixed length control field 071023e20071020xxk f 000 0 eng d
035 ## - SYSTEM CONTROL NUMBER
System control number (Sirsi) u140967
041 0# - LANGUAGE CODE
Language code of text/sound track or separate title eng
100 1# - MAIN ENTRY--PERSONAL NAME
Personal name Winstanley, Paul
245 00 - TITLE STATEMENT
Title Inclined to grow?
260 ## - PUBLICATION, DISTRIBUTION, ETC.
Date of publication, distribution, etc. 2007
490 #0 - SERIES STATEMENT
Series statement Estates Gazette
Volume/sequential designation (0742) 20 October 2007, 290-291(2)
520 ## - SUMMARY, ETC.
Summary, etc. Considers how Financial Services Authority (FSA) regulation of Home Reversion Plans (HRPs) will affect investors, consumers and the home reversion investment market. Explains what HRPs are, why regulation of HRPs was needed, and what the new rules will mean for investors and consumers. Notes that FSA regulation will offer key benefits to consumers, including protection comparable with similar products such as lifetime mortgages. This may in turn make HRPs more popular and possibly competitive with other forms of equity release.
590 ## - LOCAL NOTE (RLIN)
Local note KA
650 24 - SUBJECT ADDED ENTRY--TOPICAL TERM
Topical term or geographic name entry element HOME REVERSION PLANS
651 #4 - SUBJECT ADDED ENTRY--GEOGRAPHIC NAME
Geographic name United Kingdom
Chronological subdivision
690 ## - LOCAL SUBJECT ADDED ENTRY--TOPICAL TERM (OCLC, RLIN)
Topical term or geographic name as entry element PROPERTY-RESIDENTIAL PROPERTY-RESIDENTIAL PROPERTY FINANCE AND INVESTMENT
942 ## - ADDED ENTRY ELEMENTS (KOHA)
Suppress in OPAC 0
Holdings
Withdrawn status Lost status Source of classification or shelving scheme Damaged status Not for loan Home library Current library Shelving location Date acquired Total Checkouts Full call number Barcode Date last seen Copy number Price effective from Koha item type
    Dewey Decimal Classification     London London Journal article 23/10/2007   L140967 140967-1001 06/08/2019 1 06/08/2019 Journal article